000 00829nam a2200253 i 4500
001 bg
100 1 _aKOŹMA, Zbigniew
245 0 0 _aWzory pism procesowych i innych dokumentów dotyczących spółek (z wyjaśnieniami) /
_cZbigniew Koźma, Mirosław Ożóg, Barbara Skrzycka-Pilch.
260 _aGdańsk :
_bOśrodek Doradztwa i Doskonalenia Kadr,
_c1998.
300 _a360 s. ;
_c24 cm.
504 _aBibliogr. s. 14-15.
650 9 _aKorespondencja urzędowa
_zPolska
650 9 _aSpółki
_xprawo
_zPolska
_ystan na 1998 r.
655 _aTablice i wzory
700 1 _aOŻÓG, Mirosław
700 1 _aSKRZYCKA-PILCH, Barbara
020 _a8371871376
040 _cBPK
041 0 _apl
080 _a347.72:651.7](438)(083)
920 _a83-71871-37-6
942 _cKS
008 s pl f |000 0 pol
999 _c35833
_d35833
856 _uhttp://koha.tu.koszalin.pl/cgi-bin/koha/opac-detail.pl?biblionumber=35833
_yKatalog online BPK